000 00345nam a2200133 i 4500
001 bg
100 1 _aZAWIELSKI, Fridrich
245 0 _aMasa w fizycznym obrazie świata /
_cFridrich Zawielski.
260 _aWarszawa :
_bWiedza Powsszechna,
_c1979.
040 _cBPK
041 _apol
942 _cKS
008 s pl f |000 0 pol
999 _c18696
_d18696
856 _uhttp://koha.tu.koszalin.pl/cgi-bin/koha/opac-detail.pl?biblionumber=18696
_yKatalog online BPK